Billie Eilish synonyms quiz - Statistics

General Stats
  • This quiz has been taken 653 times
  • The average score is 9 of 12
Answer Stats
Hint Answer % Correct
Dinner Lunch
93%
My Weird Obsession My Strange Addiction
93%
The Best The Greatest
93%
Stomach Pain Bellyache
91%
Becoming Elderly Getting Older
90%
You Must Look At Me In A Tiara You Should See Me In A Crown
89%
Mean Boy Bad Guy
87%
I Haven’t Swapped My Numeral I Didn’t Change My Number
87%
Man Imagination Male Fantasy
71%
Fowl Of A Quill Birds Of A Feather
56%
More Content Than Usual Happier Than Ever
54%
C43H66N12O12S2 Oxytocin
29%
No matching quizzes found
Score Distribution
Percent of People with Each Score
Percentile by Number Answered
Your Score History
You have not taken this quiz